000 00406cam a2200169ua 4500
020 _c325
041 _aeng
_h
082 _a664.02
_bPOT/FO
100 _aPotty, V H .
245 _aFood processing /
_cV H Potty.
_hTextual Documents
260 _aNew Delhi :
_bOxford & IBH Publishing company ,
_c1993.
300 _a198 ; .
365 _a325
504 _a
942 _cBK
999 _c2866
_d2866